| 000 | 00473cam a22001577a 4500 | ||
|---|---|---|---|
| 008 | 180718b2012 xxu||||| |||| 00| 0 eng d | ||
| 020 | _a9788131604755 | ||
| 082 | _aBA27x54 K527u | ||
| 100 | _aKhan, Najibul Hasan | ||
| 245 |
_aUpliftment of OBCs human rights perspective _cby Najibul Hasan Khan |
||
| 260 |
_aJaipur _bRawat _c2012 |
||
| 300 | _a226p. | ||
| 650 | _aPeople with social disabilities -- India | ||
| 650 | _aHuman rights -- India | ||
| 650 | _aDalits -- India | ||
| 999 |
_c443079 _d443079 |
||